| 000 | 00847ntm a22002177a 4500 | ||
|---|---|---|---|
| 005 | 20170809152124.0 | ||
| 008 | 170802s2010 xx a frb 000 0 eng d | ||
| 040 |
_aEG-ScBUE _beng _cEG-ScBUE |
||
| 082 | 0 | 4 |
_a650 _bSAA _222 |
| 100 | 1 | _aSaad, Alaa Mohamed. | |
| 245 | 1 | 2 |
_aA study of the relationship between emotionally intelligent leaders and organisational performance in the banking sector : _bNSGB Egypt / _cAlaa Mohamed Saad. |
| 260 | _c2010. | ||
| 300 |
_a75 p. : _bill. (col.) ; _c28 cm. |
||
| 500 | _aA dissertation submitted in part fulfillment of the requirements for the award of B.A. in business administration, business studies specialization. | ||
| 590 | _amai allam | ||
| 650 | 7 |
_2BUEsh _aBusiness administration. _vProjects |
|
| 653 |
_bBUSADM _cAugust2017 |
||
| 655 | _vSPRO | ||
| 700 | 1 |
_aFakhrEldin, Hadia _eths |
|
| 942 | _2ddc | ||
| 999 |
_c25297 _d25269 |
||